Countries Closest to Slovenia - One Minute Sprint - Statistics

General Stats
  • This quiz has been taken 160 times
  • The average score is 16 of 20
Answer Stats
km country miles % Correct
0 Italy 0
100%
0 Croatia 0
99%
0 Austria 0
98%
0 Hungary 0
96%
185 Serbia 115
93%
118 Germany 73
92%
45 Bosnia and Herzegovina 28
90%
142 Slovakia 88
85%
224 Switzerland 139
83%
357 Montenegro 222
80%
217 Czechia 135
77%
345 Poland 214
73%
186 San Marino 115
73%
463 France 287
72%
406 Vatican City 252
72%
283 Romania 176
63%
478 Kosovo 279
62%
467 Albania 290
61%
299 Liechtenstein 186
57%
468 Ukraine 291
49%
No matching quizzes found
Score Distribution
Percent of People with Each Score
Percentile by Number Answered
Your Score History
You have not taken this quiz